Statistics for Most Championships (NFL, NHL, NBA, MLB) by team. Minimum of 5 championships

Click here to take the quiz!

General Stats

  • This quiz has been taken 3,528 times
  • The average score is 15 of 25

Answer Stats

HintAnswer% Correct
MLBYankees
92%
NBALakers
86%
MLBReds
85%
NBACeltics
84%
NFLSteelers
79%
MLBRed Sox
76%
MLBGiants
73%
NFLGiants
73%
NFLCowboys
70%
NBABulls
69%
NFLPackers
68%
NFL49ers
63%
NHLBruins
57%
MLBCardinals
57%
NHLCanadiens
56%
NHLRed Wings
54%
NHLBlack Hawks
53%
NHLMaple Leafs
51%
NBASpurs
51%
NHLOilers
47%
NFLBears
44%
MLBA's
43%
MLBPirates
32%
NFLRedskins
31%
NFLColts
30%

Score Distribution

Percentile by Number Answered

Percent of People with Each Score

Your Score History

You have not taken this quiz